Biggest City in Each Colorado County on a Map - Statistics

General Stats
  • This quiz has been taken 34 times
  • The average score is 27 of 64
Answers on the Map
Answers color-coded by a green-red scale on the quiz's map according to % correct below.
 
Answer Stats
Answer % Correct
Colorado Springs
100%
Denver
100%
Aurora
96%
Boulder
92%
Pueblo
92%
Fort Collins
88%
Grand Junction
79%
Lakewood
79%
Aspen
71%
Durango
71%
Greeley
71%
Broomfield
67%
Leadville
63%
Steamboat Springs
63%
Thornton
63%
Breckenridge
58%
Alamosa
54%
Fort Morgan
54%
Gunnison
54%
Limon
54%
Telluride
54%
Trinidad
50%
Cortez
46%
Montrose
46%
Salida
46%
Canon City
42%
Craig
42%
Idaho Springs
42%
Sterling
42%
Burlington
38%
Delta
38%
La Junta
38%
Rifle
38%
Highlands Ranch
33%
Pagosa Springs
33%
San Luis
33%
Silverton
33%
Walden
33%
Granby
29%
Julesburg
29%
Lamar
29%
Springfield
29%
Walsenburg
29%
Akron
25%
Elizabeth
25%
Meeker
25%
Ordway
25%
Yuma
25%
Cheyenne Wells
21%
Creede
21%
Fairplay
21%
Holyoke
21%
Lake City
21%
Las Animas
21%
Monte Vista
21%
Center
17%
Central City
17%
Ridgway
17%
Dove Creek
13%
Eads
13%
Edwards
13%
Manassa
13%
WoodlandPark
13%
Silver Cliff
0%
No matching quizzes found
Score Distribution
Percent of People with Each Score
Percentile by Number Answered
Your Score History
You have not taken this quiz